A colossus named Vivekananda : (Record no. 93455)

MARC details
000 -LEADER
fixed length control field 00603nam a22002057a 4500
005 - DATE AND TIME OF LATEST TRANSACTION
control field 20190206133654.0
010 ## - LCCN (DPL NO)
LC control number ENG-112944
020 ## - INTERNATIONAL STANDARD BOOK NUMBER
Terms of availability 400.00
International Standard Book Number 9788189297107
020 ## - INTERNATIONAL STANDARD BOOK NUMBER
Terms of availability 400.00
International Standard Book Number 8189297104
035 ## - SYSTEM CONTROL NUMBER
System control number EN-96476, B-231114
035 ## - SYSTEM CONTROL NUMBER
System control number B-231110
037 ## - SOURCE OF ACQUISITION
Source of stock number/acquisition DBAD/PUB
082 ## - DEWEY DECIMAL CLASSIFICATION NUMBER
Classification number 920
100 ## - MAIN ENTRY--PERSONAL NAME
Personal name Rolland, Romain
245 ## - TITLE STATEMENT
Title A colossus named Vivekananda :
Statement of responsibility, etc by Romain Rolland
Remainder of title whose mission awaits completion /
260 ## - PUBLICATION, DISTRIBUTION, ETC. (IMPRINT)
Place of publication, distribution, etc Delhi
Name of publisher, distributor, etc Vijay Goel
Date of publication, distribution, etc 2006
270 ## - ADDRESS
Address S-16, Navin Shahdara,
City Delhi
Postal code 110032
300 ## - PHYSICAL DESCRIPTION
Extent 198p.
Dimensions 22cm(Hb)
942 ## - ADDED ENTRY ELEMENTS (KOHA)
Source of classification or shelving scheme Dewey Decimal Classification
Item type English Books
Call number suffix VIV
Classification part 920
Holdings
Withdrawn status Lost status Not for loan Collection code Home library Current library Date acquired Source of acquisition Cost, normal purchase price Full call number Barcode Copy number Cost, replacement price Koha item type
    Not For Loan Non-fiction D.B.Act.Division D.B.Act.Division 11/05/2015 DBAD/PUB 400.00 920 VIV EN-96476 1 400.00 English Books
        Sarojini Nagar Sarojini Nagar 06/02/2019 Vijay Goel 400.00 920 VIV B-231110 2+1 400.00 English Books
      Non-fiction Shahdara Branch Shahdara Branch 22/05/2018 BPPD/PUB 400.00 920 VIV B-231114   400.00 English Books

© Delhi Public Library
Hit Counter
free hit counter